Sports Quiz

Random Sports or NCAA Quiz

Last 25 Years: NCAAB Multiple Final Fours Quiz Stats

 Plays Quiz Updated Mar 25, 2018

Challenge
Share
Tweet
Embed
Score 0/21 Timer 05:00
12 Plays Today
# Team/School % Correct
8Duke
98.9%
11North Carolina
97.7%
8Kentucky
94.9%
4Michigan
93.4%
7Kansas
91.7%
4UCLA
90.9%
7Michigan State
90.6%
5Florida
89.2%
4Syracuse
82.9%
5Connecticut
79.3%
3Ohio State
79.2%
# Team/School % Correct
2Indiana
78.2%
3Arizona
76.7%
3Villanova
74.9%
3Louisville
74.6%
3Wisconsin
72.4%
2Butler
70.3%
2Oklahoma
67.8%
2Maryland
61.4%
2Oklahoma State
50.8%
2Arkansas
49.6%

You're not logged in!

Compare scores with friends on all Sporcle quizzes.
OR
Log In

You Might Also Like...

Show Comments

Extras

Top Quizzes Today


Score Distribution

Your Account Isn't Verified!

In order to create a playlist on Sporcle, you need to verify the email address you used during registration. Go to your Sporcle Settings to finish the process.

Report this User

Report this user for behavior that violates our Community Guidelines.

Details: